Este é o Tobias (Registo nº 2208)

Detalhes MARC
000 -Etiqueta do registo
Cabeçalho 00697nam a22002651 4500
005 - Identificador da versão
Campo de controlo 20240813121927.0
095 ## -
-- PTBN00224932
021 ## - Número do Depósito Legal
Código do país PT
Número 29694/89
100 ## - Dados gerais de processamento
Dados gerais de processamento 19950124d1989 c y0pory5003 ba
102 ## - Pais de publicação ou produção
País de publicação Portugal
101 0# - Língua de publicação
Língua do texto, banda sonora, etc. Português
106 ## - Campo de dados codificados: material textual
Dados codificados do material textual r
105 ## - Campo de dados codificados: livros
Dados codificados dos livros y z 000yy
215 ## - Descrição física 
Indicação específica da natureza do documento e extensão da espécie [13] p.
Outras indicações físicas il.
Dimensões 27 cm
200 1# - Titulo e menção de responsabilidade
Título próprio Este é o Tobias
Primeira menção de responsabilidade Manuela Bacelar
225 2# - Colecção 
Título próprio da colecção Tobias
Indicação de volume 1
210 ## - Publicação, Distribuição, etc. 
Lugar da edição, distribuição, etc. Porto
Nome do editor, distribuidor, etc. Porto Editora
Data da publicação, distribuição, etc. cop. 1989
606 ## - Nome comum usado como assunto
Número de registo de entrada de autoridade 0000029
Palavra de ordem Literatura portuguesa infantil
Subdivisão de assunto Conto
675 ## - Classificação Decimal Universal (CDU)
Notação 821.134.3-34
Edição
Língua da edição por
700 #1 - Nome de autor-pessoa física (responsabilidade principal)
Número de registo de entrada de autoridade 0000548
Palavra de ordem Bacelar
Outra parte do nome não tomada para palavra de ordem Manuela
Datas 1943-
942 ## - Elementos de entrada adicionados (Koha)
Tipo de item no Koha Livro
Exemplares
Situação do levantamento Origin of item (home branch) (coded) Biblioteca de empréstimo Código de barras Cota Circulation type (not for loan) Tipo de documento Nota do exemplar Damaged status
  Biblioteca Escolar da Coca Maravilhas Biblioteca Escolar da Coca Maravilhas BECM2849/95 8POR BAC   Livro Sem mensagem